000 00682nam a22001697a 4500
005 20251108170933.0
008 250721s9999 xx 000 0 ara d
082 1 4 _a216.9/قيم
100 1 _aإبن قيم الجوزيه، أبو عبد الله محمد بن أبي الزرعي
245 1 0 _aالطرق الحكمية في السياسة الشرعية أو الفراسة المرضية في أحكام السياسة الشرعية /
264 1 _aبيروت :
_bدار الكتب العلمية،
_c[19-].
300 _a328ص
650 1 7 _aالأحكام السلطانية
700 1 _aالفقي، محمد حامد
_eتحقيق
942 _2ddc
_cBK
999 _c52546
_d52546